=LDR 00000nam 2200000 4500 =001 INLIS000000000052938 =005 20200211052024 =035 ##$$a 0010-0318000165 =007 ta =008 200211################g##########0#ind## =020 ##$$a 9786020224831 =082 ##$$a 158.1 =084 ##$$a 158.1 DAR i =100 #$$a Darmadi Kurniawan =245 1#$$a It is possible : $b Membangun cinta dan kekayaan /$c Darmadi Kurniawan =260 ##$$a Jakarta :$b Elex Media Komputindo,$c 2013 =300 ##$$a 242 hlm. : $b Ilus ; $c 21 cm =650 #4$$a Sukses- aspek psikologi =990 ##$$a 21710610 =990 ##$$a 21710609 =990 ##$$a 21710608 =990 ##$$a 21710607 =990 ##$$a 21710606